00329nam a2200109Ia 4500008004100000041000800041082001700049100002400066245006600090260004400156300001900200241028s9999 xx 000 0 und d aeng a338.5024 SIV aSiva Kumar/ Prasuna aMacroeconomics And Policy For Managers: An Indian Perspective bCengage Learning IndiaaAustraliac2024 a318;. P. 24 cm